| Поле | Инд. | ПП | Название | Значение |
|---|---|---|---|---|
| Тип записи | a | |||
| Библиографический уровень | b | |||
| 001 | Контрольный номер | RU/IS/BASE/325081755 | ||
| 005 | Дата корректировки | 20200603180620.0 | ||
| 008 | Кодируемые данные | 20100420 | ||
| 040 | b | Код языка каталог. | rus | |
| e | Правила каталог. | PSBO | ||
| 041 | 0_ | a | Код языка текста | rus |
| 084 | a | Индекс другой классификации/Индекс ББК | 81.1; 80.7; 81.472.1-55 | |
| 100 | 1_ | a | Автор | Уржумцева А. О. |
| q | Полное имя | Уржумцева Анна Олеговна | ||
| 245 | 10 | a | Заглавие | О структуре и ритуальности испанского парламентского диалога |
| 504 | a | Библиография | Библиогр.: с. 168 | |
| 520 | 0_ | a | Аннотация | В статье рассматриваются особенности структуры парламентского диалога и описываются его языковые особенности. Делается вывод о присущих испанскому речевому взаимодействию чертах ритуальности |
| 650 | 04 | a | Основная рубрика | испанский язык |
| a | Основная рубрика | прикладное языкознание | ||
| a | Основная рубрика | риторика | ||
| a | Основная рубрика | стилистика | ||
| a | Основная рубрика | филологические науки | ||
| a | Основная рубрика | частное языкознание | ||
| a | Основная рубрика | языкознание | ||
| 653 | 0_ | a | Ключевые слова | Испания |
| a | Ключевые слова | Конгресс депутатов Испании | ||
| a | Ключевые слова | культура языка | ||
| a | Ключевые слова | политическая лингвистика | ||
| a | Ключевые слова | политическая речь | ||
| a | Ключевые слова | политическая риторика | ||
| a | Ключевые слова | политический диалог | ||
| a | Ключевые слова | политический дискурс | ||
| 773 | 08 | t | Заглавие источника | Вестник Московского университета. Серия 9, Филология |
| d | Дата издания источника | 2009 | ||
| g | Прочая информация | № 4. - С. 163 - 168 | ||
| w | Контрольный № источника | RU/IS/BASE/321796379 | ||
| 901 | t | Тип документа | b |